[Event "Titled Tuesday intern op 28th Dec"]
[Site "Chess.com INT"]
[Date "2021.12.28"]
[Round "7"]
[White "Odegov, Artem"]
[Black "Liu, Leonardo"]
[Result "1-0"]
[WhiteElo "2286"]
[BlackElo "1767"]
[PlyCount "67"]
[EventDate "2021.12.28"]
[EventType "swiss (blitz)"]
[EventRounds "11"]
[EventCountry "USA"]
[SourceTitle "CBM 206 Extra"]
[Source "ChessBase"]
[SourceDate "2022.03.31"]
[SourceVersion "1"]
[SourceVersionDate "2022.03.31"]
[SourceQuality "1"]

1. d4 Nf6 2. c4 g6 3. Nc3 Bg7 4. e4 d6 5. h3 O-O 6. Be3 e5 7. d5 Nbd7 8. Bd3 a5 9. Nge2 Nc5 10. Bc2 Nfd7 11. g4 Nb6 12. b3 a4 13. b4 Na6 14. Bxb6 cxb6 15. a3 Bd7 16. Bd3 f5 17. gxf5 gxf5 18. exf5 Bxf5 19. Bxf5 Rxf5 20. Ne4 Rc8 21. Rc1 Qf8 22. O-O Bh6 23. Rc3 Rf3 24. Rxf3 Qxf3 25. N2g3 Qxa3 26. Nxd6 Rf8 27. Qg4+ Kh8 28. Qe6 Bf4 29. Qe7 Rg8 30. Nf7+ Kg7 31. Nxe5+ Kh8 32. Qf6+ Rg7 33. Qf8+ Rg8 34. Nf7# 1-0

[Event "Titled Tuesday intern op 28th Dec"]
[Site "Chess.com INT"]
[Date "2021.12.28"]
[Round "7"]
[White "Ovetchkin, Roman"]
[Black "Hamley, Ryan"]
[Result "1-0"]
[WhiteElo "2518"]
[BlackElo "2077"]
[PlyCount "47"]
[EventDate "2021.12.28"]
[EventType "swiss (blitz)"]
[EventRounds "11"]
[EventCountry "USA"]
[SourceTitle "CBM 206 Extra"]
[Source "ChessBase"]
[SourceDate "2022.03.31"]
[SourceVersion "1"]
[SourceVersionDate "2022.03.31"]
[SourceQuality "1"]

1. d4 d5 2. c4 e6 3. Nf3 Nf6 4. g3 Be7 5. Bg2 O-O 6. Qc2 dxc4 7. Qxc4 a6 8. Bf4 Bd6 9. Ne5 Nbd7 10. Nc3 Qe7 11. O-O c6 12. Nxd7 Bxd7 13. Bxd6 Qxd6 14. Rad1 Rac8 15. e4 e5 16. f4 exd4 17. e5 Qc7 18. Qxd4 Nd5 19. Bxd5 cxd5 20. Nxd5 Qd8 21. Nb6 Bh3 22. Nxc8 Qxd4+ 23. Rxd4 Rxc8 24. Rfd1 1-0

[Event "Titled Tuesday intern op 28th Dec"]
[Site "Chess.com INT"]
[Date "2021.12.28"]
[Round "7"]
[White "Ozen, Bahadir"]
[Black "Gracia Alvarez, Gerardo Antonio"]
[Result "1-0"]
[WhiteElo "2369"]
[BlackElo "2237"]
[PlyCount "72"]
[EventDate "2021.12.28"]
[EventType "swiss (blitz)"]
[EventRounds "11"]
[EventCountry "USA"]
[SourceTitle "CBM 206 Extra"]
[Source "ChessBase"]
[SourceDate "2022.03.31"]
[SourceVersion "1"]
[SourceVersionDate "2022.03.31"]
[SourceQuality "1"]

1. Nf3 d5 2. e3 Nf6 3. c4 c6 4. Nc3 Bg4 5. h3 Bxf3 6. Qxf3 e6 7. d4 Nbd7 8. Bd3 Bd6 9. O-O O-O 10. Rd1 Qe7 11. e4 e5 12. Be3 exd4 13. Bxd4 Ne5 14. Qe2 dxc4 15. Bxc4 Nxc4 16. Qxc4 Nd7 17. Bxg7 Kxg7 18. Qd4+ Be5 19. Qxd7 Qb4 20. Qf5 Bxc3 21. bxc3 Qxc3 22. Qg5+ Kh8 23. Rac1 Qg7 24. Qxg7+ Kxg7 25. Rd7 Rab8 26. e5 Rfd8 27. Rcd1 Rxd7 28. Rxd7 Kg6 29. g4 a5 30. f4 b5 31. f5+ Kg5 32. Rxf7 b4 33. e6 a4 34. e7 b3 35. axb3 axb3 36. Rf8 Ra8 1-0

[Event "Titled Tuesday intern op 28th Dec"]
[Site "Chess.com INT"]
[Date "2021.12.28"]
[Round "7"]
[White "Paiva, Henrique MA Alberg"]
[Black "Perez Gormaz, Matias Ariel"]
[Result "0-1"]
[WhiteElo "2064"]
[BlackElo "2404"]
[PlyCount "82"]
[EventDate "2021.12.28"]
[EventType "swiss (blitz)"]
[EventRounds "11"]
[EventCountry "USA"]
[SourceTitle "CBM 206 Extra"]
[Source "ChessBase"]
[SourceDate "2022.03.31"]
[SourceVersion "1"]
[SourceVersionDate "2022.03.31"]
[SourceQuality "1"]

1. e4 c5 2. Nf3 d6 3. Nc3 Nf6 4. d4 cxd4 5. Nxd4 a6 6. Be2 e5 7. Nb3 Be7 8. Be3 Be6 9. O-O O-O 10. Nd5 Nbd7 11. Bf3 Bxd5 12. exd5 Rc8 13. Rc1 b5 14. Qd2 Nb6 15. Na5 e4 16. Bxb6 Qxb6 17. Be2 e3 18. fxe3 Ne4 19. Qd4 Qxd4 20. exd4 Bg5 21. Rcd1 Be3+ 22. Kh1 Rxc2 23. Bd3 Nf2+ 24. Rxf2 Rxf2 25. Nc6 Re8 26. h3 Rxb2 27. Re1 Kf8 28. Bf5 Bf4 29. Rf1 Rf2 30. Rd1 Rxa2 31. Rf1 Rf2 32. Ra1 g6 33. Bg4 a5 34. Nxa5 Ra8 35. Kg1 Be3 36. Kh2 Bxd4 37. Ra3 Be5+ 38. Kg1 Rd2 39. Bd7 b4 40. Ra4 Rxd5 41. Bc6 Rdxa5 0-1

[Event "Titled Tuesday intern op 28th Dec"]
[Site "Chess.com INT"]
[Date "2021.12.28"]
[Round "7"]
[White "Perez Ponsa, Federico"]
[Black "Andreikin, Dmitry"]
[Result "1/2-1/2"]
[WhiteElo "2561"]
[BlackElo "2724"]
[PlyCount "76"]
[EventDate "2021.12.28"]
[EventType "swiss (blitz)"]
[EventRounds "11"]
[EventCountry "USA"]
[SourceTitle "CBM 206 Extra"]
[Source "ChessBase"]
[SourceDate "2022.03.31"]
[SourceVersion "1"]
[SourceVersionDate "2022.03.31"]
[SourceQuality "1"]

1. e4 c5 2. Nf3 e6 3. d4 cxd4 4. Nxd4 Nc6 5. Nc3 Qc7 6. Be2 a6 7. Nxc6 dxc6 8. Qd3 Bd6 9. Be3 Ne7 10. O-O-O Bf4 11. g3 Bxe3+ 12. Qxe3 b5 13. Rd2 O-O 14. Rhd1 c5 15. e5 Nf5 16. Qf4 Nd4 17. Ne4 Bb7 18. Nd6 Bd5 19. Kb1 Qa5 20. a3 b4 21. Rxd4 cxd4 22. Qxd4 bxa3 23. b3 Rab8 24. Ka2 Rb4 25. c4 Rfb8 26. Rd3 h6 27. Bh5 g6 28. Bf3 Rxb3 29. Rxb3 Rxb3 30. Kxb3 a2 31. Qa7 a1=Q 32. Qxf7+ Kh8 33. Qf8+ Kh7 34. Qf7+ Kh8 35. Qf6+ Kh7 36. Qe7+ Kg8 37. Qe8+ Kg7 38. Qf7+ Kh8 1/2-1/2

[Event "Titled Tuesday intern op 28th Dec"]
[Site "Chess.com INT"]
[Date "2021.12.28"]
[Round "7"]
[White "Pert, Nicholas"]
[Black "Ibarra Jerez, Jose Carlos"]
[Result "0-1"]
[WhiteElo "2546"]
[BlackElo "2567"]
[PlyCount "62"]
[EventDate "2021.12.28"]
[EventType "swiss (blitz)"]
[EventRounds "11"]
[EventCountry "USA"]
[SourceTitle "CBM 206 Extra"]
[Source "ChessBase"]
[SourceDate "2022.03.31"]
[SourceVersion "1"]
[SourceVersionDate "2022.03.31"]
[SourceQuality "1"]

1. Nf3 d6 2. d4 g6 3. e4 Nf6 4. Bd3 Bg7 5. Bf4 O-O 6. Qd2 c5 7. d5 c4 8. Bxc4 Nxe4 9. Qe3 Bxb2 10. Qxe4 Bxa1 11. c3 Bf5 12. Qe3 Bxb1 13. O-O Qb6 14. Qxb6 axb6 15. Rxb1 Bxc3 16. Rxb6 Rc8 17. Bb3 Nd7 18. Rxb7 Nc5 19. Rb5 Nxb3 20. Rxb3 Rxa2 21. g3 Ra5 22. Rb7 Bf6 23. h4 Rxd5 24. Bg5 Bxg5 25. hxg5 e6 26. Kg2 Rc3 27. Rd7 Kg7 28. g4 Rc4 29. Kg3 Rd3 30. Kh4 Rxf3 31. Rc7 Rh3+ 0-1

[Event "Titled Tuesday intern op 28th Dec"]
[Site "Chess.com INT"]
[Date "2021.12.28"]
[Round "7"]
[White "Piesik, Piotr"]
[Black "Matthiesen, Martin"]
[Result "1-0"]
[WhiteElo "2407"]
[BlackElo "2320"]
[PlyCount "83"]
[EventDate "2021.12.28"]
[EventType "swiss (blitz)"]
[EventRounds "11"]
[EventCountry "USA"]
[SourceTitle "CBM 206 Extra"]
[Source "ChessBase"]
[SourceDate "2022.03.31"]
[SourceVersion "1"]
[SourceVersionDate "2022.03.31"]
[SourceQuality "1"]

1. Nf3 d5 2. g3 g6 3. Bg2 Bg7 4. d4 c6 5. O-O Nf6 6. c4 dxc4 7. a4 a5 8. Na3 O-O 9. Nxc4 Na6 10. Bd2 Nb4 11. Qb3 Be6 12. Bxb4 axb4 13. Qxb4 Ra7 14. Nb6 Nd5 15. Nxd5 Bxd5 16. e3 Qa8 17. Qxe7 b5 18. Qc5 bxa4 19. Nd2 Rb8 20. Bxd5 cxd5 21. Ra2 Bf8 22. Qc2 Rc8 23. Qd3 Qc6 24. Rfa1 Qc2 25. Qxc2 Rxc2 26. Nf3 Rb7 27. Ne5 Rb3 28. Rxa4 Rbxb2 29. Nd3 Rb3 30. Ne1 Re2 31. R4a2 Rxa2 32. Rxa2 Rb1 33. Kf1 Bb4 34. Re2 f5 35. f3 Kg7 36. Kf2 Kf6 37. Nd3 Bd6 38. Ra2 Rb3 39. Ke2 Rc3 40. Kd2 Rc6 41. Ra5 h5 42. Rxd5 1-0

[Event "Titled Tuesday intern op 28th Dec"]
[Site "Chess.com INT"]
[Date "2021.12.28"]
[Round "7"]
[White "Plotnikov, Pavel"]
[Black "Leve, Nitai D"]
[Result "1-0"]
[WhiteElo "2297"]
[BlackElo "2128"]
[PlyCount "73"]
[EventDate "2021.12.28"]
[EventType "swiss (blitz)"]
[EventRounds "11"]
[EventCountry "USA"]
[SourceTitle "CBM 206 Extra"]
[Source "ChessBase"]
[SourceDate "2022.03.31"]
[SourceVersion "1"]
[SourceVersionDate "2022.03.31"]
[SourceQuality "1"]

1. e4 e6 2. d3 d5 3. Nd2 Nf6 4. Ngf3 b6 5. e5 Nfd7 6. d4 c5 7. c3 Nc6 8. Bd3 cxd4 9. cxd4 f6 10. exf6 Qxf6 11. O-O Bd6 12. Bxh7 Nxd4 13. Nxd4 Bxh2+ 14. Kxh2 Qh4+ 15. Kg1 Rxh7 16. f4 Nf6 17. N2f3 Qh1+ 18. Kf2 Ne4+ 19. Ke3 Qxg2 20. Qe2 Qxe2+ 21. Nxe2 Ba6 22. Ng5 Bxe2 23. Kxe2 Rh2+ 24. Kf3 Nxg5+ 25. fxg5 Rc8 26. Bf4 Rxb2 27. Rae1 Kd7 28. Rh1 Rcc2 29. Rh7 Rf2+ 30. Kg3 Rg2+ 31. Kh3 d4 32. Rxg7+ Kc6 33. Rxe6+ Kd5 34. Rd6+ Ke4 35. Bg3 Rg1 36. Re7+ Kf5 37. Re5# 1-0

[Event "Titled Tuesday intern op 28th Dec"]
[Site "Chess.com INT"]
[Date "2021.12.28"]
[Round "7"]
[White "Renjith, Sravan"]
[Black "Gurevich, Dmitry"]
[Result "0-1"]
[WhiteElo "2121"]
[BlackElo "2358"]
[PlyCount "120"]
[EventDate "2021.12.28"]
[EventType "swiss (blitz)"]
[EventRounds "11"]
[EventCountry "USA"]
[SourceTitle "CBM 206 Extra"]
[Source "ChessBase"]
[SourceDate "2022.03.31"]
[SourceVersion "1"]
[SourceVersionDate "2022.03.31"]
[SourceQuality "1"]

1. e4 c5 2. d3 d5 3. Nd2 Nc6 4. Ngf3 Nf6 5. g3 e5 6. Bg2 Be7 7. O-O Be6 8. c3 d4 9. Qc2 Nd7 10. a4 O-O 11. Ne1 a6 12. f4 f6 13. f5 Bf7 14. g4 b5 15. Nef3 Nb6 16. h4 bxa4 17. Re1 c4 18. dxc4 d3 19. Qd1 Bc5+ 20. Kh2 Nxc4 21. Nxc4 Bxc4 22. Qxa4 Bb5 23. Qb3+ Kh8 24. c4 Nd4 25. Nxd4 Qxd4 26. Be3 Qxc4 27. Qxc4 Bxc4 28. Bxc5 Rfc8 29. b4 Bb3 30. Bf1 d2 31. Reb1 Bc2 32. Be3 Bxb1 33. Rxb1 Rc3 34. Bxd2 Rc2 35. Rd1 Rd8 36. Bxa6 Rdxd2+ 37. Rxd2 Rxd2+ 38. Kg3 Rd4 39. b5 Rxe4 40. b6 Rb4 41. b7 h6 42. Kf3 Kg8 43. Bc4+ Kf8 44. Bd5 Ke7 45. Be4 Kd6 46. g5 hxg5 47. hxg5 fxg5 48. Ke3 Kc7 49. Bg2 Rxb7 50. Bxb7 Kxb7 51. Kf3 Kc6 52. Kg4 e4 53. Kxg5 e3 54. Kg6 e2 55. Kxg7 e1=Q 56. f6 Qg3+ 57. Kh7 Qh4+ 58. Kg7 Qg5+ 59. Kf7 Kd7 60. Kf8 Qxf6+ 0-1

[Event "Titled Tuesday intern op 28th Dec"]
[Site "Chess.com INT"]
[Date "2021.12.28"]
[Round "7"]
[White "Roebers, Jan"]
[Black "Nastore, Pavel Alexandru"]
[Result "0-1"]
[WhiteElo "2154"]
[BlackElo "2329"]
[PlyCount "100"]
[EventDate "2021.12.28"]
[EventType "swiss (blitz)"]
[EventRounds "11"]
[EventCountry "USA"]
[SourceTitle "CBM 206 Extra"]
[Source "ChessBase"]
[SourceDate "2022.03.31"]
[SourceVersion "1"]
[SourceVersionDate "2022.03.31"]
[SourceQuality "1"]

1. e4 c5 2. Nf3 d6 3. Nc3 Nf6 4. Be2 a6 5. d3 e6 6. Bf4 Be7 7. O-O O-O 8. Bg3 Nc6 9. Qd2 Qc7 10. a3 b5 11. Nd1 Bb7 12. Ne3 Rac8 13. c3 Rfd8 14. Rad1 Qb6 15. Rfe1 Bf8 16. d4 Nxe4 17. Qd3 Nxg3 18. hxg3 cxd4 19. Nxd4 Nxd4 20. Qxd4 Qxd4 21. Rxd4 d5 22. Rg4 g6 23. Nc2 Bg7 24. Bf3 f5 25. Rh4 Bf6 26. Rh3 e5 27. Rd1 e4 28. Be2 Rc7 29. Kf1 d4 30. Nxd4 Bxd4 31. cxd4 Rcd7 32. Ke1 Rxd4 33. g4 Rxd1+ 34. Bxd1 Kg7 35. Rc3 Rd7 36. gxf5 gxf5 37. f3 exf3 38. gxf3 Kf6 39. Be2 h5 40. Kf2 h4 41. Rc1 Rd2 42. b3 Ra2 43. a4 bxa4 44. bxa4 Rxa4 45. Rc7 Bd5 46. Rd7 Be6 47. Rc7 a5 48. Rc6 Ke5 49. Ra6 Ra2 50. Rb6 Bc4 0-1

[Event "Titled Tuesday intern op 28th Dec"]
[Site "Chess.com INT"]
[Date "2021.12.28"]
[Round "7"]
[White "Sanchez, Roberto Daniel"]
[Black "Kubatko, Ivan"]
[Result "1/2-1/2"]
[WhiteElo "1970"]
[BlackElo "2257"]
[PlyCount "111"]
[EventDate "2021.12.28"]
[EventType "swiss (blitz)"]
[EventRounds "11"]
[EventCountry "USA"]
[SourceTitle "CBM 206 Extra"]
[Source "ChessBase"]
[SourceDate "2022.03.31"]
[SourceVersion "1"]
[SourceVersionDate "2022.03.31"]
[SourceQuality "1"]

1. e4 d5 2. exd5 Qxd5 3. Nc3 Qa5 4. Nf3 Nf6 5. d4 Bg4 6. Be2 Nc6 7. Be3 O-O-O 8. O-O e5 9. d5 Nxd5 10. Nxd5 Qxd5 11. Qe1 e4 12. Ng5 Bxe2 13. Qxe2 Bd6 14. Qg4+ f5 15. Qh3 h6 16. c4 Qxc4 17. Qxf5+ Kb8 18. Nf7 Bxh2+ 19. Kxh2 Rhf8 20. Rac1 Qxf7 21. Qxe4 Rde8 22. Qa4 Qe6 23. Rxc6 Qxc6 24. Qxa7+ Kc8 25. Qa8+ Kd7 26. Rd1+ Ke6 27. Qa3 Kf7 28. Qb3+ Kg6 29. Rc1 Qd6+ 30. g3 Rxe3 31. Qxe3 Rf6 32. Rc4 c6 33. Qe4+ Kf7 34. Rd4 Qe7 35. Qxe7+ Kxe7 36. Kg2 Rd6 37. Rxd6 Kxd6 38. Kf3 Ke5 39. Ke3 h5 40. f4+ Kf5 41. b4 b5 42. a3 g5 43. fxg5 Kxg5 44. Kf3 Kf5 45. Kf2 Kg4 46. Kg2 Kg5 47. Kf3 Kf5 48. Kf2 Ke4 49. Kg2 Kf5 50. Kf3 Kg5 51. Kg2 Kg4 52. Kf2 Kf5 53. Kf3 Kg5 54. Kg2 Kg4 55. Kf2 Kg5 56. Kf3 1/2-1/2

[Event "Titled Tuesday intern op 28th Dec"]
[Site "Chess.com INT"]
[Date "2021.12.28"]
[Round "7"]
[White "Silva, Miguel Antonio Neto"]
[Black "Rostovtsev, Dmitry"]
[Result "1/2-1/2"]
[WhiteElo "2233"]
[BlackElo "2188"]
[PlyCount "141"]
[EventDate "2021.12.28"]
[EventType "swiss (blitz)"]
[EventRounds "11"]
[EventCountry "USA"]
[SourceTitle "CBM 206 Extra"]
[Source "ChessBase"]
[SourceDate "2022.03.31"]
[SourceVersion "1"]
[SourceVersionDate "2022.03.31"]
[SourceQuality "1"]

1. d4 Nf6 2. c4 g6 3. Nc3 Bg7 4. e4 O-O 5. Nf3 d6 6. h3 e5 7. d5 Nh5 8. g3 f5 9. exf5 gxf5 10. Nh4 Nf4 11. Bd2 Nd7 12. Qc2 Nc5 13. O-O-O Ng6 14. Rg1 f4 15. Nxg6 Bf5 16. Qxf5 Rxf5 17. Nh4 Rf8 18. b4 Nd7 19. Ne4 Nf6 20. Bd3 Nxe4 21. Bxe4 Kh8 22. Nf5 Bf6 23. g4 b5 24. cxb5 a6 25. b6 cxb6 26. Kb1 a5 27. b5 Qd7 28. a4 Rfc8 29. Rc1 Rc5 30. Rxc5 dxc5 31. h4 Rg8 32. g5 Bd8 33. Bc3 Re8 34. Rd1 h6 35. g6 Bf6 36. h5 Rd8 37. Nxh6 Qh3 38. Nf7+ Kg7 39. Nxd8 Qxc3 40. Ne6+ Kh6 41. g7 Bxg7 42. Nxg7 Qb4+ 43. Kc1 Qxe4 44. d6 Qc4+ 45. Kb1 Qxa4 46. Kc1 Qc4+ 47. Kb1 Qxb5+ 48. Kc1 Qd7 49. Nf5+ Kxh5 50. f3 Kg5 51. Ne7 Kf6 52. Nd5+ Ke6 53. Nxb6 Qxd6 54. Rxd6+ Kxd6 55. Nc4+ Kd5 56. Nxa5 Kd4 57. Kd2 c4 58. Nc6+ Kd5 59. Nb4+ Kd4 60. Nc2+ Kd5 61. Kc3 e4 62. fxe4+ Kxe4 63. Ne1 Kd5 64. Nf3 Kc5 65. Ne5 Kd5 66. Nxc4 Ke4 67. Nd2+ Ke3 68. Kc2 Ke2 69. Kc3 Ke3 70. Kc2 f3 71. Nxf3 1/2-1/2

[Event "Titled Tuesday intern op 28th Dec"]
[Site "Chess.com INT"]
[Date "2021.12.28"]
[Round "7"]
[White "Skliarov, Viktor"]
[Black "Ianov, Viktor"]
[Result "1-0"]
[WhiteElo "2387"]
[BlackElo "2279"]
[PlyCount "79"]
[EventDate "2021.12.28"]
[EventType "swiss (blitz)"]
[EventRounds "11"]
[EventCountry "USA"]
[SourceTitle "CBM 206 Extra"]
[Source "ChessBase"]
[SourceDate "2022.03.31"]
[SourceVersion "1"]
[SourceVersionDate "2022.03.31"]
[SourceQuality "1"]

1. e4 d6 2. d4 Nf6 3. Nc3 c6 4. f3 Qb6 5. Bc4 e6 6. Nge2 d5 7. Bd3 Be7 8. O-O Qd8 9. Kh1 b5 10. e5 Nfd7 11. Ng3 b4 12. Nce2 c5 13. c3 Nc6 14. Be3 a5 15. Nf4 Ba6 16. Nfh5 Kf8 17. f4 Bxd3 18. Qxd3 g6 19. f5 exf5 20. Bh6+ Kg8 21. Nxf5 Bg5 22. Bg7 gxh5 23. Bxh8 Kxh8 24. Nd6 Ndxe5 25. dxe5 Nxe5 26. Qxd5 f6 27. Qxe5 fxe5 28. Nf7+ Kg7 29. Nxd8 Rxd8 30. Rad1 Rxd1 31. Rxd1 bxc3 32. bxc3 e4 33. Kg1 Kf6 34. Rd5 h6 35. Kf2 c4 36. Rxa5 Bd2 37. Rc5 Ke6 38. Rxc4 Ke5 39. Ke2 Bc1 40. a4 1-0

[Event "Titled Tuesday intern op 28th Dec"]
[Site "Chess.com INT"]
[Date "2021.12.28"]
[Round "7"]
[White "Sokolin, Leonid M"]
[Black "Bayramov, Zaur"]
[Result "0-1"]
[WhiteElo "2482"]
[BlackElo "2357"]
[PlyCount "104"]
[EventDate "2021.12.28"]
[EventType "swiss (blitz)"]
[EventRounds "11"]
[EventCountry "USA"]
[SourceTitle "CBM 206 Extra"]
[Source "ChessBase"]
[SourceDate "2022.03.31"]
[SourceVersion "1"]
[SourceVersionDate "2022.03.31"]
[SourceQuality "1"]

1. e4 c5 2. Nf3 a6 3. b4 cxb4 4. d4 d6 5. Bd3 Nf6 6. e5 dxe5 7. dxe5 Nd5 8. O-O Nc6 9. Be4 e6 10. Qe2 Be7 11. Rd1 Qc7 12. Bb2 O-O 13. h4 h6 14. g3 Rd8 15. Bd3 h5 16. Ng5 Bxg5 17. hxg5 g6 18. Nd2 Nc3 19. Bxc3 bxc3 20. Ne4 Qxe5 21. Qf3 Kg7 22. Qf6+ Qxf6 23. gxf6+ Kf8 24. Ng5 Nd4 25. Be4 e5 26. f4 Bg4 27. Rd3 exf4 28. gxf4 Ne2+ 29. Kf2 Nxf4 30. Rxc3 Rac8 31. Rxc8 Rxc8 32. Ke3 Ne6 33. Nxe6+ Bxe6 34. Bxb7 Rxc2 35. a4 a5 36. Rd1 Kg8 37. Rd8+ Kh7 38. Ra8 Rc3+ 39. Kd2 Rc7 40. Be4 Rc4 41. Bc2 Rf4 42. Rxa5 Rxf6 43. Rxh5+ Kg7 44. Rc5 Rf2+ 45. Ke3 Rf1 46. a5 Ra1 47. Kd4 f6 48. Kc3 g5 49. Kb4 g4 50. Rc6 Bf7 51. a6 g3 52. Be4 f5 0-1

[Event "Titled Tuesday intern op 28th Dec"]
[Site "Chess.com INT"]
[Date "2021.12.28"]
[Round "7"]
[White "Sviridova, Vlada"]
[Black "Bazarov, Konstantin"]
[Result "1-0"]
[WhiteElo "2144"]
[BlackElo "2226"]
[PlyCount "75"]
[EventDate "2021.12.28"]
[EventType "swiss (blitz)"]
[EventRounds "11"]
[EventCountry "USA"]
[SourceTitle "CBM 206 Extra"]
[Source "ChessBase"]
[SourceDate "2022.03.31"]
[SourceVersion "1"]
[SourceVersionDate "2022.03.31"]
[SourceQuality "1"]

1. d4 Nf6 2. c4 e6 3. Nf3 Bb4+ 4. Bd2 Qe7 5. g3 O-O 6. Bg2 Nc6 7. O-O Bxd2 8. Qxd2 d6 9. Nc3 e5 10. Nd5 Nxd5 11. cxd5 Nxd4 12. Nxd4 exd4 13. Rfe1 Qe5 14. Rad1 d3 15. Qxd3 Qxb2 16. Rd2 Qb6 17. Rc1 Bd7 18. Qd4 Rfc8 19. h4 a5 20. h5 h6 21. Bf3 a4 22. a3 Ra5 23. Qxb6 cxb6 24. Rxc8+ Bxc8 25. Rb2 b5 26. e3 Bd7 27. Rc2 Ra8 28. Rc7 b4 29. Rxd7 bxa3 30. Rc7 a2 31. Rc1 b5 32. Ra1 b4 33. Rxa2 b3 34. Ra3 Rc8 35. Rxa4 b2 36. Be4 Rc1+ 37. Kg2 b1=Q 38. Ra8+ 1-0

[Event "Titled Tuesday intern op 28th Dec"]
[Site "Chess.com INT"]
[Date "2021.12.28"]
[Round "7"]
[White "Tasev, Dejan"]
[Black "Jodorcovsky Werjivker, Paulo"]
[Result "0-1"]
[WhiteElo "2272"]
[BlackElo "2213"]
[PlyCount "86"]
[EventDate "2021.12.28"]
[EventType "swiss (blitz)"]
[EventRounds "11"]
[EventCountry "USA"]
[SourceTitle "CBM 206 Extra"]
[Source "ChessBase"]
[SourceDate "2022.03.31"]
[SourceVersion "1"]
[SourceVersionDate "2022.03.31"]
[SourceQuality "1"]

1. e4 e5 2. Nf3 Nc6 3. Bb5 a6 4. Ba4 Nf6 5. O-O Be7 6. Re1 b5 7. Bb3 O-O 8. a4 b4 9. d3 d5 10. exd5 Nxd5 11. Nxe5 Nxe5 12. Rxe5 c6 13. Nd2 Bd6 14. Re1 Qh4 15. g3 Qh3 16. Qf3 Bg4 17. Qg2 Qh5 18. f3 Bc5+ 19. Kh1 Bh3 20. Qe2 Ne3 21. Rg1 Nf5 22. g4 Qg6 23. Ne4 Bxg1 24. gxf5 Bxf5 25. Be3 Bxe3 26. Qxe3 Bxe4 27. fxe4 Kh8 28. Rg1 Qh5 29. Qd4 Qh6 30. Qxb4 f5 31. e5 f4 32. Qe4 f3 33. Rf1 Qh3 34. Rf2 Qh6 35. Qe1 Rae8 36. d4 Qf4 37. c3 c5 38. Bc2 cxd4 39. cxd4 Qxd4 40. e6 Rxe6 41. Qf1 Ref6 42. Bb1 Qe3 43. Rc2 f2 0-1

[Event "Titled Tuesday intern op 28th Dec"]
[Site "Chess.com INT"]
[Date "2021.12.28"]
[Round "7"]
[White "Tsukerman, Julia"]
[Black "Marcziter, Dmitrii"]
[Result "0-1"]
[WhiteElo "1523"]
[BlackElo "2264"]
[PlyCount "118"]
[EventDate "2021.12.28"]
[EventType "swiss (blitz)"]
[EventRounds "11"]
[EventCountry "USA"]
[SourceTitle "CBM 206 Extra"]
[Source "ChessBase"]
[SourceDate "2022.03.31"]
[SourceVersion "1"]
[SourceVersionDate "2022.03.31"]
[SourceQuality "1"]

1. e4 c5 2. Nf3 a6 3. d4 cxd4 4. Nxd4 Nf6 5. Nc3 d6 6. Bd3 e5 7. Nb3 Be7 8. O-O O-O 9. Re1 Be6 10. Bf1 Nc6 11. Nd5 Bxd5 12. exd5 Nb8 13. Bg5 Nbd7 14. Rc1 b5 15. c4 bxc4 16. Bxc4 Nb6 17. Qd3 a5 18. a3 a4 19. Nd2 Ra5 20. Bxf6 Bxf6 21. Ne4 Be7 22. Qd2 Nxc4 23. Rxc4 Qa8 24. Nc3 Rb8 25. Ree4 f5 26. Re1 e4 27. f3 Qa7+ 28. Kh1 exf3 29. gxf3 Bf6 30. Rf4 g6 31. Rc4 Be5 32. f4 Bf6 33. Re6 Bxc3 34. Qxc3 Rc5 35. Rxc5 Qxc5 36. Qxc5 dxc5 37. Rc6 Rxb2 38. Rxc5 Rb3 39. d6 Rd3 40. Ra5 Rxd6 41. Rxa4 Kf7 42. Kg2 Kf6 43. Rb4 h6 44. a4 g5 45. a5 Rd2+ 46. Kg3 Rd3+ 47. Kg2 Ra3 48. fxg5+ hxg5 49. Rb5 g4 50. Rb6+ Kg5 51. a6 f4 52. Rb5+ Kh4 53. Rb8 Ra2+ 54. Kg1 Rxa6 55. Rh8+ Kg5 56. Rg8+ Kf5 57. Rf8+ Ke4 58. Rg8 Kf3 59. h4 g3 0-1

[Event "Titled Tuesday intern op 28th Dec"]
[Site "Chess.com INT"]
[Date "2021.12.28"]
[Round "7"]
[White "Vovk, Orest"]
[Black "Zakhartsov, Vladimir"]
[Result "1-0"]
[WhiteElo "2315"]
[BlackElo "2539"]
[PlyCount "49"]
[EventDate "2021.12.28"]
[EventType "swiss (blitz)"]
[EventRounds "11"]
[EventCountry "USA"]
[SourceTitle "CBM 206 Extra"]
[Source "ChessBase"]
[SourceDate "2022.03.31"]
[SourceVersion "1"]
[SourceVersionDate "2022.03.31"]
[SourceQuality "1"]

1. h4 e5 2. h5 d5 3. h6 Nxh6 4. d4 e4 5. Bxh6 gxh6 6. e3 Be6 7. c4 c6 8. Nc3 Nd7 9. Nge2 Bd6 10. Rxh6 Qg5 11. Rh1 dxc4 12. Nxe4 Bb4+ 13. N2c3 Qa5 14. Rh5 b5 15. a3 Be7 16. Qd2 O-O-O 17. d5 Nf6 18. Nxf6 Bxf6 19. O-O-O Bg4 20. Be2 Bxc3 21. Bxg4+ Kb8 22. Qxc3 Qa4 23. dxc6 f5 24. Qe5+ Ka8 25. c7 1-0

[Event "Titled Tuesday intern op 28th Dec"]
[Site "Chess.com INT"]
[Date "2021.12.28"]
[Round "7"]
[White "Xiong, Jeffery"]
[Black "Khanin, Semen"]
[Result "0-1"]
[WhiteElo "2686"]
[BlackElo "2512"]
[PlyCount "74"]
[EventDate "2021.12.28"]
[EventType "swiss (blitz)"]
[EventRounds "11"]
[EventCountry "USA"]
[SourceTitle "CBM 206 Extra"]
[Source "ChessBase"]
[SourceDate "2022.03.31"]
[SourceVersion "1"]
[SourceVersionDate "2022.03.31"]
[SourceQuality "1"]

1. d4 Nf6 2. c4 e6 3. Nc3 Bb4 4. Nf3 b6 5. Qc2 Bb7 6. a3 Bxc3+ 7. Qxc3 d5 8. e3 Nbd7 9. b3 c5 10. Bb2 O-O 11. Rd1 Rc8 12. dxc5 Nxc5 13. Be2 Qe7 14. Nd2 dxc4 15. Nxc4 Nce4 16. Qb4 Rc5 17. Bd4 Nd5 18. Bxc5 bxc5 19. Qa5 Ndc3 20. Rd3 Qh4 21. Rf1 Nxe2 22. Kxe2 Qxh2 23. Rd8 Qh5+ 24. f3 Ng3+ 25. Kd1 g6 26. Rxf8+ Kxf8 27. Rf2 Qh1+ 28. Kc2 Qg1 29. Rd2 Bd5 30. Qxc5+ Kg8 31. Qd4 Nf1 32. Rd1 Bxc4 33. Qd8+ Kg7 34. Qd4+ Kg8 35. Qd8+ Kg7 36. Qd4+ e5 37. bxc4 exd4 0-1

[Event "Titled Tuesday intern op 28th Dec"]
[Site "Chess.com INT"]
[Date "2021.12.28"]
[Round "7"]
[White "Yuan, Qingyu"]
[Black "Rodchenkov, Sergey D"]
[Result "1-0"]
[WhiteElo "2373"]
[BlackElo "2346"]
[PlyCount "69"]
[EventDate "2021.12.28"]
[EventType "swiss (blitz)"]
[EventRounds "11"]
[EventCountry "USA"]
[SourceTitle "CBM 206 Extra"]
[Source "ChessBase"]
[SourceDate "2022.03.31"]
[SourceVersion "1"]
[SourceVersionDate "2022.03.31"]
[SourceQuality "1"]

1. Nf3 Nf6 2. d4 b6 3. g3 Bb7 4. Bg2 e6 5. O-O Be7 6. c4 O-O 7. Nc3 Na6 8. d5 Bb4 9. Nh4 Bxc3 10. bxc3 Nc5 11. Qd4 d6 12. Kh1 Re8 13. Re1 a5 14. Kg1 e5 15. Qe3 Ba6 16. Nf5 Bc8 17. Qg5 Bxf5 18. Qxf5 Qd7 19. Qg5 Nfe4 20. Qh4 f5 21. Be3 Qf7 22. Bh3 g6 23. Rac1 a4 24. Bh6 a3 25. f3 Nf6 26. g4 fxg4 27. fxg4 Nfe4 28. Rf1 Qe7 29. g5 Ra4 30. Be6+ Nxe6 31. dxe6 Rxc4 32. Qg4 d5 33. Rf7 Qxe6 34. Rf8+ Rxf8 35. Qxe6+ 1-0